| 000 | 00665cab a2200229 4500 | ||
|---|---|---|---|
| 001 | WB3513-28 | ||
| 008 | 090401t1999 xxu||||| |||| 00| 0 eng d | ||
| 035 | _a(Sirsi) u92425 | ||
| 041 | _aeng | ||
| 245 | _aDartmoor is drying out | ||
| 260 | _c1999 | ||
| 350 | _a0 | ||
| 490 |
_aIndependent _v29 March 1999, 11(1) |
||
| 520 | _aDartmoor is drying out. Land mismanagement means that the moor is under serious ecological threat. | ||
| 650 | _aAGRICULTURAL PRACTICES | ||
| 650 | _aCOUNTRYSIDE MANAGEMENT | ||
| 650 | _aDARTMOOR | ||
| 650 | _aECOLOGICAL CONSIDERATIONS | ||
| 690 | _aENVIRONMENTAL AND LAND CONSULTANCY | ||
| 942 | _n0 | ||
| 948 | _c30/03/1999 | ||
| 999 |
_c58592 _d58592 |
||